| 000 | 00865cam a2200289 i 4500 | ||
|---|---|---|---|
| 999 |
_c41518 _d41518 |
||
| 001 | 3160609 | ||
| 003 | OSt | ||
| 005 | 20220919124855.0 | ||
| 008 | 750124s1976 nyua b 001 0 eng | ||
| 010 | _a 75002206 | ||
| 020 | _a0023029803 | ||
| 040 |
_aDLC _cDLC _dDLC |
||
| 050 | 0 | 0 |
_aBF431 _b.A573 1976 |
| 060 | _aWM145 A534p | ||
| 082 | 0 | 0 |
_a150.287 _bANA/P |
| 100 | 1 |
_aAnastasi, Anne, _d1908-2001 _98553 |
|
| 245 | 1 | 0 |
_aPsychological testing / _cAnne Anastasi. |
| 250 | _a4th ed. | ||
| 260 |
_aNew York : _bMacmillan, _cc1976. |
||
| 300 |
_axiii, 750 p. : _bill. ; _c24 cm. |
||
| 500 | _aIncludes indexes. | ||
| 504 | _aBibliography: p. 621-679. | ||
| 650 | 0 | _aPsychological tests. | |
| 650 | 2 | _aPsychological tests. | |
| 906 |
_a7 _bcbc _corignew _d1 _eocip _f19 _gy-gencatlg |
||
| 942 |
_2ddc _cBK _h150.287 _iANA/P _k150.287 _mANA/P |
||